000 00516nam a2200193Ia 4500
005 20250508150618.0
008 008 250505s9999 xx 000 0 eng d
037 _aTextual
040 _aFEDL
_beng
_cFEDL
041 _aeng
_2eng
084 _a342.42, GOO
_qFEDL
100 _aGooch R. K.
_9107617
245 0 _aGovernment of England
260 _aNew York, USA
_bD. Van Nostrand Company
_c1947
300 _ax,325p
650 _aLaw
942 _cTEXL
_h342.42, GOO
999 _c1324570
_d1324570